Valve selection and specification guide /

Guardado en:
Autor Principal: Merrick, Ronald C., 1951-
Formato: Libro
Idioma:English
Publicado: New York : Van Nostrand Reinhold, c1991.
Materias:
Etiquetas: Agregar Etiqueta
Sin Etiquetas, Sea el primero en etiquetar este registro!
LEADER 00727pam a22002055a 4500
001 EIQ.libpla001234
008 900515s1991####nyuao####bf###001#0#eng#d
005 20060824152948.0
245 1 0 |a Valve selection and specification guide /  |c Ronald C. Merrick. 
260 |a New York :  |b Van Nostrand Reinhold,  |c c1991. 
300 |a xvii, 490 p. :  |b il., fotos ;  |c 24 cm. 
504 |a Incluye referencias bibliográficas (p. 425-426) e índice. 
020 |a 0442318707 
100 1 |a Merrick, Ronald C.,  |d 1951- 
082 0 0 |a 621.8/4  |2 20 
650 0 |a Válvulas  |x Handbooks, manuales, etc. 
650 0 |a Valves  |x Handbooks, manuals, etc. 
010 |a  90012613  
040 |a DLC  |c DLC  |d AR-BbSID 
859 |a AR-BbSID  |b BIB. PLAPIQUI  |h 621.84  |i M 46  |p 4183